L'Odyssée d'Homere (Record no. 155565)

MARC details
000 -LEADER
campo de control de longitud fija 01011nam a22002415i 4500
001 - NÚMERO DE CONTROL
campo de control 155565
003 - IDENTIFICADOR DE NÚMERO DE CONTROL
campo de control ES-MaACL
005 - FECHA Y HORA DE LA ÚLTIMA TRANSACCIÓN
campo de control 20260616130212.0
008 - DATOS DE LONGITUD FIJA--INFORMACIÓN GENERAL
campo de control de longitud fija 040728s1796 fr |||| | fre d
040 ## - FUENTE DE CATALOGACIÓN
Centro catalogador/agencia de origen CAM
Lengua de catalogación spa
Centro/agencia transcriptor CAM
100 0# - ENTRADA PRINCIPAL--NOMBRE DE PERSONA
Nombre de persona Homero
9 (RLIN) 64112
245 12 - MENCIÓN DEL TÍTULO
Título L'Odyssée d'Homere
Resto del título : ; avec des remarques /
Mención de responsabilidad, etc. précédée de réflexions sur l'Odyssée & sur la traduction des poëtes par M. Bitaubé ...; tome IV.
250 ## - MENCION DE EDICION
Mención de edición Troisieme edition à laquelle on a joint les notes de M. Mentelle qui rapprochent la géographie ancienne des noms modernes.
260 ## - PUBLICACIÓN, DISTRIBUCIÓN, ETC.
Lugar de publicación, distribución, etc. A Lyon :
Nombre del editor, distribuidor, etc. chez Bruyset ainé & c\pe\s,
Fecha de publicación, distribución, etc. 1796.
300 ## - DESCRIPCIÓN FÍSICA
Extensión [4], 268 p. ;
Dimensiones 12º.
594 ## - Nota al título y mención de responsabilidad
Nota al título y mención de responsabilidad Mención de ed. precede a la de parte.
594 ## - Nota al título y mención de responsabilidad
Nota al título y mención de responsabilidad Tit. de la antep.: "Oeuvres d'Homere, tome X"
597 ## - NOTA DE DESCRIPCIÓN FÍSICA
NOTA DE DESCRIPCIÓN FÍSICA Sign.: []\p2\s, A-O\p12/6\s, P\p8\s.
597 ## - NOTA DE DESCRIPCIÓN FÍSICA
NOTA DE DESCRIPCIÓN FÍSICA Port. con viñeta xil.
700 11 - ENTRADA AGREGADA--NOMBRE PERSONAL
Nombre de persona Bitaubé, Paul Jeremie.
9 (RLIN) 222431
852 ## - LOCALIZACIÓN
Ubicación ES-MaACL
Número de control de estantería R-1677-88
Nota libre -- Enc. pasta española
Encuadernación Olim: F-625-36
Holdings
Estatus retirado Estado de pérdida Estado de daño No para préstamo Colección Biblioteca de origen Biblioteca actual Ubicación en estantería Fecha de adquisición Fuente de adquisición Total de préstamos Signatura topográfica completa Código de barras Visto por última vez Precio de reemplazo Tipo de ítem Koha
        Libros del s. XVIII Biblioteca del Ateneo de Madrid Biblioteca del Ateneo de Madrid Depósito 17/01/2008     R-1686 1162724 23/02/2023 23/02/2023 Libro impreso antiguo